{"text_format":"3","workbook":"xlsx","n_sheets":1,"sheets":["Sheet1"],"read":"whole","date_system":"1900"}

{"sheet":"Sheet1","index":0,"n_rows":37,"n_cols":8,"rows_kept":37,"merged":[[0,0,0,7],[10,1,12,1],[14,1,15,1],[20,1,22,1],[23,1,25,1],[29,1,30,1],[34,0,35,0],[34,1,35,1]]}
["雅安市人民医院广告制作清单（保卫科）"]
["序号","项目名称","材料","规格\nmm","单位","数量","单价\n(元)","总价\n(元)"]
[1,"住院患者及陪护请扫脸进入、第二住院大楼请人脸识别通行","5mmPVC板UV打印","1300*900*2张","㎡",2.34,135,{"$f":"F3*G3","v":{"v":315.9,"d":"315.90"}}]
[2,"消防救援支队消防演练","横幅","8000*700","米",8,8,{"v":64,"d":"64.00"}]
[3,"防诈骗标语","横幅","5000*700*2条","米",10,8,{"v":80,"d":"80.00"}]
[4,"防灾减灾宣传周","横幅","8000*700","米",8,8,{"v":64,"d":"64.00"}]
[5,"消防疏散示意图\n三层","5mm亚克力板UV打印","600*560\n","㎡",0.35,380,{"v":133,"d":"133.00"}]
[6,"医务人员通道","5mmPVC板UV打印","1200*950*3张","㎡",3.42,135,{"v":461.7,"d":"461.70"}]
[7,"遮挡板","2cmPVC板UV打印","1200*600*2张\n1200*50*2张","㎡",2.64,200,{"$f":"F9*G9","v":{"v":528,"d":"528.00"}}]
[8,"防汛沙箱画面","喷绘","5500*2400*2张\n4000*2600","㎡",36.8,18,{"v":662.4,"d":"662.40"}]
[9,"车位已满","1cmPVC板UV打印","1200*800*3张","㎡",2.88,170,{"v":489.6,"d":"489.60"}]
[10,null,"反光膜","1200*800*3张","㎡",2.88,45,{"v":129.6,"d":"129.60"}]
[11,null,"不锈钢立牌","1200*800","个",3,350,{"v":1050,"d":"1050.00"}]
[12,"防电诈预警电话","户外写真","600*800*30张","㎡",14.4,38,{"v":547.2,"d":"547.20"}]
[13,"防电诈预警电话","户外写真+光面板","600*800*4张","㎡",1.92,58,111.36]
[14,null,"铝型材立地水牌","600*800","个",4,130,{"v":520,"d":"520.00"}]
[15,"禁止吸烟","1cmPVC板UV打印","1200*800*8张","㎡",7.68,170,{"v":1305.6,"d":"1305.60"}]
[16,"安全用点告知书","标签写真","300*200","张",100,5,{"v":500,"d":"500.00"}]
[17,"灭火器箱贴","高精车贴专用地板膜","450*150*250张","㎡",16.87,80,{"v":1349.6,"d":"1349.60"}]
[18,"安全生产月活动培训及演练","横幅","8000*700\n6000*700","米",14,8,{"v":112,"d":"112.00"}]
[19,"消防通道严禁停车","1cmPVC板UV打印","800*1200*8张","㎡",7.68,170,{"v":1305.6,"d":"1305.60"}]
[20,null,"反光膜","800*1200*8张","㎡",7.68,45,{"v":345.6,"d":"345.60"}]
[21,null,"不锈钢立牌（三角支架）","800*1200","个",4,350,{"v":1400,"d":"1400.00"}]
[22,"非机动车临时停放点","1cmPVC板UV打印","800*1200*8张","㎡",7.68,170,{"v":1305.6,"d":"1305.60"}]
[23,null,"反光膜","800*1200*8张","㎡",7.68,45,{"v":345.6,"d":"345.60"}]
[24,null,"不锈钢立牌（三角支架）","800*1200","个",4,350,{"v":1400,"d":"1400.00"}]
[25,"第一住院大楼门诊大楼地下停车场指向、禁止通行指向","户外写真+光面板","2000*1000*2张","㎡",4,58,{"v":232,"d":"232.00"}]
[26,"消防水池（有限空间）作业安全告知牌","户外写真+光面板","600*800*2张","㎡",0.96,58,55.68]
[27,"消防水池危险","户外写真+光面板","300*200","张",2,5,{"v":10,"d":"10.00"}]
[28,"监控视频调取流程图","户外写真+光面板","600*800","㎡",0.48,58,27.84]
[29,null,"4cm铝型材开启式边条","600*800","米",2.8,30,{"v":84,"d":"84.00"}]
[30,"消防栓留水向、二氧化碳灭火器","户外写真","800*400*5张","㎡",1.6,38,{"v":60.8,"d":"60.80"}]
[31,"二氧化碳灭火器","标签写真","300*200","张",10,5,{"v":50,"d":"50.00"}]
[32,"非充电车辆禁止入内、注意安全","户外写真+光面板","1100*500\n300*400","㎡",0.67,58,38.86]
[33,"灭火器检查记录","5mm亚克力UV打印","300*450\n520个","㎡",70.2,380,26676]
[null,null,"亚克力A4卡槽带背板","A4","个",520,25,13000]
[null,"合计（含税）",{"$nulls":5},{"$f":"SUM(H3:H36)","v":54761.54}]